000 00978nac a22002771i 4500
003 EG-ScBUE
005 20250320103147.0
008 100906s1995 e a f f001 0 eng d
020 _a0521498589
020 _a9780521498586
040 _aEG-ScBUE
_beng
_erda
_cEG-ScBUE
_dEG-ScBUE
082 0 4 _a530
_bROW
_222
100 1 _aRowell, Gilbert,
_d1938-
_eauthor.
_918372
245 1 0 _aPhysics /
_cGilbert Rowell, headteacher, St Edmund campion school, Gateshead, Sydney Herbert, formerly head of science, King Edward VI college, Nuneaton.
264 1 _aCambridge :
_bCambridge University Press,
_c1995.
300 _av, 409 pages :
_billustrations ;
_c28 cm.
336 _2rdacontent
_atext
_btxt
337 _aunmediated
_2rdamedia
_bn
338 _avolume
_bnc
_2rdacarrier
490 0 _aCambridge low price editions
500 _aIncludes index.
650 7 _aPhysics.
_918373
_2BUEsh
655 _vReading book
700 1 _aHerbert, Sidney,
_918374
_eauthor.
942 _cBB
_2ddc
999 _c1362
_d1362